000 00750cam a22002411 4500
001 000008679
005 20200929161400.0
008 780612s1962 sp 000 1 spa
010 _a65082568
035 _a(OCoLC)3967607
040 _aDO-SdBNP
_cAzFU
_dBNPHU
042 _apremarc
100 1 _aLópez-Nuno Diez, Luis
_bL864u
_923122
245 1 4 _aLas últimas fronteras :
_bnovela /
_cLuis López-Nuno Diez.
260 _aBarcelona, :
_bEditorial Planeta,
_c[1962].
300 _a356 p. ;
_c20 cm.
490 1 _a"Autores espanoles contemporáneos"
650 4 _aNovela española
_91123
650 4 _aLiteratura española
_9632
830 0 _aAutores espanoles contemporáneos.
_94154
910 _aCatalogación por copia / LC
049 _aBNGR
999 _c8449
_d8449